00910 2200313 4500001002100000005001500021035002000036007000300056008004100059040001600100100002200116245010100138250001100239300004100250020002200291041000800313082000800321084001400329090001900343260003600362600003100398700003400429850001000463990002500473990002500498990002500523990002500548990002300573INLIS00000000000205120260603114316 a0010-0120000494ta260603 0  aSBUPADbInd0 aTasya PeWe Gunoto1 aHijab Looklet :bTutorial Kerudung Segiempat /cTasya PeWe Gunoto; Penyunting: Septi Rinasusanti aCet. 1 avi, 114 hlm. :bilus. ;c21.5 cmeCD a978-602-8453-84-4 aInd a646 a646 TAS h a646 TAS h T6-1 aJakarta :bKriya Pustaka,c2013 4aKesejahteraan Rumah Tangga0 aPenyunting: Septi Rinasusanti aPUPAD a30.695/APBD/DPK/2019 a30.696/APBD/DPK/2019 a30.697/APBD/DPK/2019 a30.698/APBD/DPK/2019 a30.695/APBD/DPK/19